Detalles MARC
| 000 -CABECERA |
| campo de control de longitud fija |
01578nam a22001937a 4500 |
| 003 - IDENTIFICADOR DEL NÚMERO DE CONTROL |
| campo de control |
OSt |
| 005 - FECHA Y HORA DE LA ÚLTIMA TRANSACCIÓN |
| campo de control |
20240229073823.0 |
| 008 - DATOS DE LONGITUD FIJA--INFORMACIÓN GENERAL |
| campo de control de longitud fija |
201027b 2007 dr 00| 0 eng d |
| 040 ## - FUENTE DE LA CATALOGACIÓN |
| Centro catalogador/agencia de origen |
DO-SdBNP |
| Lengua de catalogación |
spa |
| Centro/agencia transcriptor |
BNPHU |
| 100 1# - ENTRADA PRINCIPAL--NOMBRE DE PERSONA |
| Nombre de persona |
Gómez Geraldino, Alexis A. |
| 9 (RLIN) |
36063 |
| 245 10 - MENCIÓN DE TÍTULO |
| Título |
Jurisprudencia dominicana en materia disciplinaria : |
| Resto del título |
jueces, notarios y abogados / |
| Mención de responsabilidad, etc. |
Alexis A. Gómez Geraldino ; prólogo Dr. Jorge A. Subero Isa |
| 260 ## - PUBLICACIÓN, DISTRIBUCIÓN, ETC. |
| Lugar de publicación, distribución, etc. |
Santo Domingo : |
| Nombre del editor, distribuidor, etc. |
Comisión Nacional de Ejecución de la Reforma Procesal Penal, |
| Fecha de publicación, distribución, etc. |
2007. |
| 300 ## - DESCRIPCIÓN FÍSICA |
| Extensión |
xxi, 375 p. ; |
| Dimensiones |
23 cm. |
| 490 1# - MENCIÓN DE SERIE |
| Mención de serie |
Serie de coleccion de la CONAEJ |
| Designación de volumen o secuencia |
2 |
| 505 0# - NOTA DE CONTENIDO CON FORMATO |
| Nota de contenido con formato |
Dedicatoria vii -- |
| Título |
Presentación xv -- |
| -- |
Prólogo xix -- |
| -- |
Introducción -- |
| -- |
Abogado -- |
| -- |
Casación -- |
| -- |
Defensa y debido proceso --- |
| -- |
Ética -- |
| -- |
Fianza -- |
| -- |
Habeas corpus -- |
| -- |
Imagen publica -- |
| -- |
Juez |
| -- |
Libertad de expresión -- |
| -- |
Maltrato del superior a subalternos -- |
| -- |
Notario -- |
| -- |
Pena más grave -- |
| -- |
Reapertura de la instrucción de la causa -- |
| -- |
Soborno -- |
| -- |
Testigo -- |
| -- |
Utilización de nombres de otro juez de mayor jerarquía -- |
| -- |
Apéndices -- |
| -- |
Apéndices No. 1 : Ley No. 327-98 de carrera judicial -- |
| -- |
Apéndices No. 2 : Ley No. 89-05 que crea el colegio de notarios -- |
| -- |
Apéndices No. 3 : Ley del notariado, No. 301 |
| -- |
Apéndices No. 4 : Ley No. 302. Sobre honorarios de los abogados -- |
| -- |
Apéndices No. 5 : Decreto No. 1290, Que ratifica el código de ética del colegio de abogados de la República Dominicana -- |
| 700 1# - PUNTO DE ACCESO ADICIONAL--NOMBRE DE PERSONA |
| Nombre de persona |
Subero Isa, Jorge A., |
| Fechas asociadas al nombre |
1947- |
| Término indicativo de función/relación |
prólogo |
| 9 (RLIN) |
76863 |
| 830 #0 - PUNTO DE ACCESO ADICIONAL DE SERIE-TÍTULO UNIFORME |
| Título uniforme |
Serie de coleccion de la CONAEJ, 2. |
| 9 (RLIN) |
77048 |
| 942 ## - ELEMENTOS DE PUNTO DE ACCESO ADICIONAL (KOHA) |
| Fuente del sistema de clasificación o colocación |
Dewey Decimal Classification |
| Tipo de ítem Koha |
Libro |